000 00353nam a22001217a 4500
040 _cHS
082 _a352
100 _aNA
245 _aសៀវភៅណែនាំស្តីពីការគ្រប់គ្រងគណនេយ្យ និង ហិរញ្ញវត្ថុ
260 _aCambodia
_bNA
_cNA
300 _a273p;
942 _cKB
999 _c10288
_d10288